<?xml version="1.0" encoding="UTF-8"?>
<record
    xmlns:xsi="http://www.w3.org/2001/XMLSchema-instance"
    xsi:schemaLocation="http://www.loc.gov/MARC21/slim http://www.loc.gov/standards/marcxml/schema/MARC21slim.xsd"
    xmlns="http://www.loc.gov/MARC21/slim">

  <leader>00796nam a22001937a 4500</leader>
  <datafield tag="999" ind1=" " ind2=" ">
    <subfield code="c">6851</subfield>
    <subfield code="d">6851</subfield>
  </datafield>
  <controlfield tag="001">9184</controlfield>
  <controlfield tag="003">BD-DhUAP</controlfield>
  <controlfield tag="005">20210109123515.0</controlfield>
  <controlfield tag="008">210109s2006    bg ||||| |||| 00| 0 ben d</controlfield>
  <datafield tag="020" ind1=" " ind2=" ">
    <subfield code="a">9848090223</subfield>
  </datafield>
  <datafield tag="040" ind1=" " ind2=" ">
    <subfield code="a">BD-DhUAP</subfield>
    <subfield code="b">Ben</subfield>
    <subfield code="c">BD-DhUAP</subfield>
    <subfield code="d">BD-DhUAP</subfield>
  </datafield>
  <datafield tag="082" ind1=" " ind2=" ">
    <subfield code="2">23</subfield>
    <subfield code="a">891.4391 ABD</subfield>
  </datafield>
  <datafield tag="100" ind1=" " ind2=" ">
    <subfield code="a">&#x986;&#x9AC;&#x9A6;&#x9C1;&#x9B2;&#x9CD;&#x9B2;&#x9BE;&#x9B9;&#x9CD;, &#x9AE;&#x9C1;&#x9B9;&#x9BE;&#x9AE;&#x9CD;&#x9AE;&#x9A6;&#x964;</subfield>
  </datafield>
  <datafield tag="245" ind1=" " ind2=" ">
    <subfield code="a">&#x987;&#x995;&#x9AC;&#x9BE;&#x9B2; &#x995;&#x9BE;&#x9AC;&#x9CD;&#x9AF;&#x9C7; &#x987;&#x9B8;&#x9B2;&#x9BE;&#x9AE;&#x9C0; &#x9AD;&#x9BE;&#x9AC;&#x9A7;&#x9BE;&#x9B0;&#x9BE; /</subfield>
    <subfield code="c">&#x9AE;&#x9C1;&#x9B9;&#x9BE;&#x9AE;&#x9CD;&#x9AE;&#x9A6; &#x986;&#x9AC;&#x9A6;&#x9C1;&#x9B2;&#x9CD;&#x9B2;&#x9BE;&#x9B9;&#x9CD;&#x964;</subfield>
  </datafield>
  <datafield tag="260" ind1=" " ind2=" ">
    <subfield code="a">&#x9A2;&#x9BE;&#x995;&#x9BE; : </subfield>
    <subfield code="b">&#x9AC;&#x9BE;&#x982;&#x9B2;&#x9BE;&#x9A6;&#x9C7;&#x9B6; &#x9AC;&#x9BF;&#x9B6;&#x9CD;&#x9AC;&#x9AC;&#x9BF;&#x9A6;&#x9CD;&#x9AF;&#x9BE;&#x9B2;&#x9AF;&#x9BC; &#x9AE;&#x99E;&#x9CD;&#x99C;&#x9C1;&#x9B0;&#x9C0; &#x995;&#x9AE;&#x9BF;&#x9B6;&#x9A8;,</subfield>
    <subfield code="c">c&#x9E8;&#x9E6;&#x9E6;&#x9EC;&#x964;</subfield>
  </datafield>
  <datafield tag="300" ind1=" " ind2=" ">
    <subfield code="a">&#x9E7;&#x9EE;&#x9EB; &#x9AA;&#x9C3;&#x9B7;&#x9CD;&#x9A0;&#x9BE; ;</subfield>
    <subfield code="c">&#x9E8;&#x9E8; &#x9B8;&#x9C7;&#x9AE;&#x9BF;.&#x964;</subfield>
  </datafield>
  <datafield tag="650" ind1=" " ind2=" ">
    <subfield code="a">Urdu Poetry.</subfield>
  </datafield>
  <datafield tag="942" ind1=" " ind2=" ">
    <subfield code="2">ddc</subfield>
    <subfield code="c">BK</subfield>
  </datafield>
  <datafield tag="952" ind1=" " ind2=" ">
    <subfield code="0">0</subfield>
    <subfield code="1">0</subfield>
    <subfield code="2">ddc</subfield>
    <subfield code="4">0</subfield>
    <subfield code="7">0</subfield>
    <subfield code="a">UAPCL</subfield>
    <subfield code="b">UAPCL</subfield>
    <subfield code="c">General Stacks</subfield>
    <subfield code="d">2021-01-09</subfield>
    <subfield code="o">891.4391 ABD</subfield>
    <subfield code="p">3010009184</subfield>
    <subfield code="r">2021-01-09</subfield>
    <subfield code="t">1</subfield>
    <subfield code="w">2021-01-09</subfield>
    <subfield code="y">BK</subfield>
  </datafield>
  <datafield tag="952" ind1=" " ind2=" ">
    <subfield code="0">0</subfield>
    <subfield code="1">0</subfield>
    <subfield code="2">ddc</subfield>
    <subfield code="4">0</subfield>
    <subfield code="7">0</subfield>
    <subfield code="a">UAPCL</subfield>
    <subfield code="b">UAPCL</subfield>
    <subfield code="c">General Stacks</subfield>
    <subfield code="d">2021-01-09</subfield>
    <subfield code="o">891.4391 ABD</subfield>
    <subfield code="p">3010009185</subfield>
    <subfield code="r">2021-01-09</subfield>
    <subfield code="t">2</subfield>
    <subfield code="w">2021-01-09</subfield>
    <subfield code="y">BK</subfield>
  </datafield>
  <datafield tag="952" ind1=" " ind2=" ">
    <subfield code="0">0</subfield>
    <subfield code="1">0</subfield>
    <subfield code="2">ddc</subfield>
    <subfield code="4">0</subfield>
    <subfield code="7">0</subfield>
    <subfield code="a">UAPCL</subfield>
    <subfield code="b">UAPCL</subfield>
    <subfield code="c">Reserve Stacks</subfield>
    <subfield code="d">2021-01-24</subfield>
    <subfield code="o">891.4391 ABD</subfield>
    <subfield code="p">3010009187</subfield>
    <subfield code="r">2021-01-24</subfield>
    <subfield code="t">3</subfield>
    <subfield code="w">2021-01-24</subfield>
    <subfield code="y">BK</subfield>
  </datafield>
  <datafield tag="952" ind1=" " ind2=" ">
    <subfield code="0">0</subfield>
    <subfield code="1">0</subfield>
    <subfield code="2">ddc</subfield>
    <subfield code="4">0</subfield>
    <subfield code="7">0</subfield>
    <subfield code="a">UAPCL</subfield>
    <subfield code="b">UAPCL</subfield>
    <subfield code="c">Reserve Stacks</subfield>
    <subfield code="d">2021-01-24</subfield>
    <subfield code="o">891.4391 ABD</subfield>
    <subfield code="p">3010009180</subfield>
    <subfield code="r">2021-01-24</subfield>
    <subfield code="t">4</subfield>
    <subfield code="w">2021-01-24</subfield>
    <subfield code="y">BK</subfield>
  </datafield>
  <datafield tag="952" ind1=" " ind2=" ">
    <subfield code="0">0</subfield>
    <subfield code="1">0</subfield>
    <subfield code="2">ddc</subfield>
    <subfield code="4">0</subfield>
    <subfield code="7">0</subfield>
    <subfield code="a">UAPCL</subfield>
    <subfield code="b">UAPCL</subfield>
    <subfield code="c">Reserve Stacks</subfield>
    <subfield code="d">2021-01-24</subfield>
    <subfield code="o">891.4391 ABD</subfield>
    <subfield code="p">3010010214</subfield>
    <subfield code="r">2021-01-24</subfield>
    <subfield code="t">5</subfield>
    <subfield code="w">2021-01-24</subfield>
    <subfield code="y">BK</subfield>
  </datafield>
  <datafield tag="952" ind1=" " ind2=" ">
    <subfield code="0">0</subfield>
    <subfield code="1">0</subfield>
    <subfield code="2">ddc</subfield>
    <subfield code="4">0</subfield>
    <subfield code="7">0</subfield>
    <subfield code="a">UAPCL</subfield>
    <subfield code="b">UAPCL</subfield>
    <subfield code="c">Reserve Stacks</subfield>
    <subfield code="d">2021-01-24</subfield>
    <subfield code="o">891.4391 ABD</subfield>
    <subfield code="p">3010009186</subfield>
    <subfield code="r">2021-01-24</subfield>
    <subfield code="t">6</subfield>
    <subfield code="w">2021-01-24</subfield>
    <subfield code="y">BK</subfield>
  </datafield>
  <datafield tag="952" ind1=" " ind2=" ">
    <subfield code="0">0</subfield>
    <subfield code="1">0</subfield>
    <subfield code="2">ddc</subfield>
    <subfield code="4">0</subfield>
    <subfield code="7">0</subfield>
    <subfield code="a">UAPCL</subfield>
    <subfield code="b">UAPCL</subfield>
    <subfield code="c">Reserve Stacks</subfield>
    <subfield code="d">2021-01-24</subfield>
    <subfield code="o">891.4391 ABD</subfield>
    <subfield code="p">3010009178</subfield>
    <subfield code="r">2021-01-24</subfield>
    <subfield code="t">7</subfield>
    <subfield code="w">2021-01-24</subfield>
    <subfield code="y">BK</subfield>
  </datafield>
  <datafield tag="952" ind1=" " ind2=" ">
    <subfield code="0">0</subfield>
    <subfield code="1">0</subfield>
    <subfield code="2">ddc</subfield>
    <subfield code="4">0</subfield>
    <subfield code="7">0</subfield>
    <subfield code="a">UAPCL</subfield>
    <subfield code="b">UAPCL</subfield>
    <subfield code="c">Reserve Stacks</subfield>
    <subfield code="d">2021-01-24</subfield>
    <subfield code="o">891.4391 ABD</subfield>
    <subfield code="p">3010009183</subfield>
    <subfield code="r">2021-01-24</subfield>
    <subfield code="t">8</subfield>
    <subfield code="w">2021-01-24</subfield>
    <subfield code="y">BK</subfield>
  </datafield>
</record>
